| 000 | 00525nam a2200181 a 4500 | ||
|---|---|---|---|
| 005 | 20240919064339.0 | ||
| 008 | 991125s1977 mx 000 0 spa u | ||
| 035 | _aUPN01000056215 | ||
| 049 | _aCG | ||
| 050 | 4 |
_aHB171.5 _bB4.88 |
|
| 100 | 1 |
_aBecker, Gary Stanley, _d1930-2014 _938802 |
|
| 245 | 1 | 0 |
_aTeoría económica / _cGary S. Becker ; tr. Ana Catalina Mayoral |
| 260 |
_aMéxico : _bFCE, _c1977. |
||
| 300 |
_a277 p. : _bil. |
||
| 440 | 0 | _aSección de obras de economía | |
| 650 | 4 |
_aEconomía _911541 |
|
| 905 | _aLibro | ||
| 999 |
_c56215 _d56215 |
||